000 00354nam a2200145Ia 4500
003 LK-CoDNM
008 010623t2006 xxu||||| |||| 00| 1 eng d
040 _aLK-CoDNM
_dLK-CoDNM
_eLK-CoDNM
041 _aeng
080 _a32
_bPAR
245 _aParliament Of Sri Lanka
260 _bParliament Secretariat
_c2006
300 _b28p.;24 cm cm
942 _cBK
999 _c125429
_d125429